000 00296nam a2200121Ia 4500
008 241002s9999 xx 000 0 und d
082 _a809.13 NIC
100 _aNicholson, Reynold A.
245 0 _aRumi Poet and Mystic 1207-1273
260 _aLondon:
_c1950
600 _aLiterature
942 _cUC
999 _c18620
_d18620